[Event "LSS No Engine Cup 84 Preliminary 2"]
[Site "LSS email"]
[Date "2013.03.16"]
[Round "?"]
[White "Youngs, Russell"]
[Black "Pauk, Jozef"]
[Result "1-0"]
[WhiteElo "896"]
[BlackElo "880"]
[PlyCount "59"]
[EventDate "2013.03.17"]
[EventType "tourn (corr)"]
[EventRounds "6"]
[EventCountry "GER"]
[SourceTitle "Telechess CBM 161"]
[Source "ChessBase"]
[SourceDate "2014.07.16"]
[SourceVersion "1"]
[SourceVersionDate "2014.07.16"]
[SourceQuality "1"]

1. e4 e5 2. Nf3 d6 3. Bc4 Nf6 4. Nc3 c6 5. d4 Bg4 6. dxe5 dxe5 7. h3 Bxf3 8. Qxf3 h6 9. 0-0 Nbd7 10. Be3 Be7 11. g4 g5 12. Rad1 0-0 13. h4 Nh7 14. Qf5 Nhf6 15. hxg5 Nh7 16. g6 Ng5 17. Bxg5 Bxg5 18. Bxf7+ Kg7 19. Rxd7 Qxd7 20. Qxd7 Rad8 21. Qxb7 Rb8 22. Qxc6 Rxb2 23. Qc5 Bf6 24. Qxa7 h5 25. Kg2 h4 26. Be8+ Kh6 27. g5+ Kxg5 28. Nd5 Rxe8 29. Nxf6 Kxf6 30. Qf7+ 1-0

[Event "LSS No Engine Cup 82 Preliminary 3"]
[Site "LSS email"]
[Date "2013.02.15"]
[Round "?"]
[White "Youngs, Russell"]
[Black "Thomas, Gerald K"]
[Result "0-1"]
[WhiteElo "896"]
[BlackElo "1633"]
[PlyCount "42"]
[EventDate "2013.02.16"]
[EventType "tourn (corr)"]
[EventRounds "6"]
[EventCountry "GER"]
[SourceTitle "Telechess CBM 159"]
[Source "ChessBase"]
[SourceDate "2014.03.17"]
[SourceVersion "1"]
[SourceVersionDate "2014.03.17"]
[SourceQuality "1"]

1. e4 c5 2. d4 cxd4 3. Qxd4 Nc6 4. Qd2 Nf6 5. Bd3 a6 6. c3 d6 7. f3 e5 8. Nh3 Be7 9. 0-0 Bxh3 10. gxh3 Qb6+ 11. Qe3 Qc7 12. b4 0-0 13. f4 exf4 14. Rxf4 d5 15. Rxf6 Bxf6 16. exd5 Nxb4 17. Ba3 a5 18. Bxb4 axb4 19. Qe4 g6 20. Qxb4 Rfe8 21. d6 Qc6 0-1

[Event "SN-2013-0-00490"]
[Site "LSS email"]
[Date "2013.02.09"]
[Round "?"]
[White "Youngs, Russell"]
[Black "Chandler, Mark"]
[Result "0-1"]
[WhiteElo "896"]
[BlackElo "1027"]
[PlyCount "40"]
[EventDate "2013.01.30"]
[EventType "tourn (corr)"]
[EventRounds "6"]
[EventCountry "GER"]
[SourceTitle "Telechess CBM 161"]
[Source "ChessBase"]
[SourceDate "2014.07.16"]
[SourceVersion "1"]
[SourceVersionDate "2014.07.16"]
[SourceQuality "1"]

1. e4 e5 2. Nf3 Nf6 3. Nc3 Bb4 4. Be2 Bxc3 5. dxc3 Nxe4 6. 0-0 Nc6 7. Qd5 Nf6 8. Bg5 d6 9. Bc4 Be6 10. Qb5 Bxc4 11. Qxc4 0-0 12. Rae1 h6 13. Bxh6 gxh6 14. Qh4 Kh8 15. Qxh6+ Nh7 16. Re4 Qf6 17. Qh5 Rg8 18. Rh4 Rg7 19. Re1 Qg6 20. Ree4 Qxg2# 0-1

[Event "SN-2013-0-00490"]
[Site "LSS email"]
[Date "2013.02.09"]
[Round "?"]
[White "Youngs, Russell"]
[Black "Gyongyosi, Peter Laszlo"]
[Result "0-1"]
[WhiteElo "896"]
[BlackElo "909"]
[PlyCount "86"]
[EventDate "2013.01.30"]
[EventType "tourn (corr)"]
[EventRounds "6"]
[EventCountry "GER"]
[SourceTitle "Telechess CBM 161"]
[Source "ChessBase"]
[SourceDate "2014.07.16"]
[SourceVersion "1"]
[SourceVersionDate "2014.07.16"]
[SourceQuality "1"]

1. e4 d5 2. Qe2 dxe4 3. Qxe4 Nf6 4. Qd3 Bd7 5. Be2 e6 6. Nf3 Be7 7. 0-0 0-0 8. b3 Nc6 9. Bb2 Nd5 10. a3 Nf4 11. Qb5 Nxe2+ 12. Qxe2 Bf6 13. c3 Ne7 14. d4 c6 15. Nbd2 Nd5 16. g3 Qb6 17. Ne4 Be7 18. b4 Nf6 19. c4 Nxe4 20. Qxe4 Bf6 21. c5 Qc7 22. Rab1 b6 23. Ne5 Bxe5 24. Qxe5 Qxe5 25. dxe5 bxc5 26. bxc5 g6 27. Ba1 Rfd8 28. Rb7 Be8 29. h4 a5 30. a4 Rd5 31. Rc1 Kg7 32. f4 Rd2 33. Rb2 Rd5 34. Re2 Rb8 35. Re4 Rd2 36. Bc3 Ra2 37. Bxa5 Rbb2 38. Be1 Rg2+ 39. Kf1 Rh2 40. Kg1 Rag2+ 41. Kf1 f5 42. Rd4 Ra2 43. a5 Rh1# 0-1

[Event "RN-2013-0-00591"]
[Site "LSS email"]
[Date "2013.01.19"]
[Round "?"]
[White "Arango Marin, Sixto Gregorio"]
[Black "Youngs, Russell"]
[Result "1-0"]
[WhiteElo "797"]
[BlackElo "853"]
[PlyCount "85"]
[EventDate "2013.01.07"]
[EventType "tourn (corr)"]
[EventRounds "6"]
[EventCountry "GER"]
[SourceTitle "Telechess CBM 159"]
[Source "ChessBase"]
[SourceDate "2014.03.17"]
[SourceVersion "1"]
[SourceVersionDate "2014.03.17"]
[SourceQuality "1"]

1. e4 e5 2. Nf3 Nc6 3. Bc4 Nf6 4. d3 Bc5 5. 0-0 0-0 6. Bg5 h6 7. Bh4 Nd4 8. Nxe5 d5 9. Bxd5 Qe7 10. Ng6 Qd8 11. Nxf8 Kxf8 12. Bxf6 Qxf6 13. c3 Nc6 14. d4 Be7 15. e5 Qg6 16. Qf3 f5 17. Nd2 Na5 18. b4 c6 19. Bb3 Nxb3 20. Nxb3 b6 21. Rfe1 Bb7 22. c4 Bxb4 23. Red1 f4 24. Qxf4+ Kg8 25. Kf1 c5 26. d5 Rf8 27. Qg3 Qe4 28. Rac1 Ba6 29. Nd2 Qd4 30. Nb3 Qb2 31. a4 g5 32. e6 Rf4 33. e7 Re4 34. Qb8+ Kf7 35. Qf8+ Kg6 36. e8Q+ Rxe8 37. Qxe8+ Kh7 38. Qf7+ Kh8 39. Qxa7 Bxc4+ 40. Rxc4 Qxb3 41. Rcc1 Ba5 42. Qb8+ Kh7 43. d6 1-0

[Event "RN-2013-0-00591"]
[Site "LSS email"]
[Date "2013.01.19"]
[Round "?"]
[White "Kramskoi, Vasyl"]
[Black "Youngs, Russell"]
[Result "1-0"]
[WhiteElo "910"]
[BlackElo "853"]
[PlyCount "81"]
[EventDate "2013.01.07"]
[EventType "tourn (corr)"]
[EventRounds "6"]
[EventCountry "GER"]
[SourceTitle "Telechess CBM 159"]
[Source "ChessBase"]
[SourceDate "2014.03.17"]
[SourceVersion "1"]
[SourceVersionDate "2014.03.17"]
[SourceQuality "1"]

1. e4 e5 2. Nf3 Nc6 3. Bb5 a6 4. Bxc6 bxc6 5. 0-0 f6 6. h3 Bc5 7. c3 Bb7 8. d4 exd4 9. cxd4 Ba7 10. Re1 Qe7 11. e5 f5 12. Nc3 0-0-0 13. Bg5 Qb4 14. Bxd8 Kxd8 15. Qd2 c5 16. a3 Qb6 17. e6 d6 18. Rad1 Qb3 19. Re2 a5 20. Qc2 Qxc2 21. Rxc2 h5 22. Ng5 Nh6 23. Nb5 cxd4 24. Nxa7 c5 25. b4 axb4 26. axb4 cxb4 27. Rxd4 Ke7 28. Rc7+ Kf6 29. Rxb7 Kxg5 30. Rxd6 f4 31. e7 Nf5 32. Rd8 Nxe7 33. Rxh8 Nd5 34. Rb5 b3 35. Rxd5+ Kf6 36. Rb8 Ke6 37. Rxh5 Kf6 38. Rxb3 g5 39. Rb5 g4 40. Rh6+ Kg7 41. Rc6 1-0

[Event "LSS No Engine Cup 81 Preliminary 7"]
[Site "LSS email"]
[Date "2013.01.15"]
[Round "?"]
[White "Nicolaescu, Nicolae"]
[Black "Youngs, Russell"]
[Result "1-0"]
[WhiteElo "1823"]
[BlackElo "896"]
[PlyCount "55"]
[EventDate "2013.01.16"]
[EventType "tourn (corr)"]
[EventRounds "6"]
[EventCountry "GER"]
[SourceTitle "Telechess CBM 161"]
[Source "ChessBase"]
[SourceDate "2014.07.16"]
[SourceVersion "1"]
[SourceVersionDate "2014.07.16"]
[SourceQuality "1"]

1. e4 e5 2. Nf3 Nc6 3. Bc4 Nf6 4. Ng5 d5 5. exd5 Nxd5 6. Nxf7 Kxf7 7. Qf3+ Ke6 8. Nc3 Ncb4 9. Qe4 c6 10. d4 Nxc2+ 11. Qxc2 Qh4 12. 0-0 Qxd4 13. Bb3 b5 14. Rd1 Qh4 15. Nxd5 cxd5 16. Bxd5+ Kf6 17. Bxa8 Bf5 18. Qc6+ Be6 19. Qf3+ Bf5 20. Be3 e4 21. Qf4 Qxf4 22. Bxf4 Bc5 23. Bd5 g5 24. Be3 Bxe3 25. fxe3 Rc8 26. Rac1 Rxc1 27. Rxc1 Be6 28. Rc6 1-0

[Event "OP-2012-0-02565"]
[Site "LSS email"]
[Date "2012.12.28"]
[Round "?"]
[White "Gajic, Sladjan"]
[Black "Youngs, Russell"]
[Result "1-0"]
[WhiteElo "1875"]
[BlackElo "853"]
[PlyCount "69"]
[EventDate "2012.12.24"]
[EventType "tourn (corr)"]
[EventRounds "4"]
[EventCountry "GER"]
[SourceTitle "Telechess CBM 159"]
[Source "ChessBase"]
[SourceDate "2014.03.17"]
[SourceVersion "1"]
[SourceVersionDate "2014.03.17"]
[SourceQuality "1"]

1. d4 Nf6 2. Nf3 e6 3. g3 Bd6 4. Nc3 0-0 5. Bg2 c5 6. e4 Bc7 7. dxc5 d6 8. cxd6 Ba5 9. e5 Bxc3+ 10. bxc3 Ng4 11. h3 Qa5 12. hxg4 Qxc3+ 13. Bd2 Qb2 14. Qb1 Qxb1+ 15. Rxb1 Nd7 16. g5 a5 17. Rh4 b6 18. Nd4 Ra6 19. Nc6 Re8 20. Ne7+ Kf8 21. Rc4 Nc5 22. Nxc8 Rxc8 23. Bb7 Rca8 24. Rxc5 bxc5 25. Bxa6 h5 26. gxh6 gxh6 27. Bxh6+ Kg8 28. Bb7 Rb8 29. Bg5 f5 30. d7 Rf8 31. d8Q Kg7 32. Bh6+ Kxh6 33. Qxf8+ Kh7 34. Ke2 f4 35. Be4# 1-0

[Event "OP-2012-0-02546"]
[Site "LSS email"]
[Date "2012.12.18"]
[Round "?"]
[White "Owens, Larry"]
[Black "Youngs, Russell"]
[Result "0-1"]
[WhiteElo "800"]
[BlackElo "853"]
[PlyCount "34"]
[EventDate "2012.12.14"]
[EventType "tourn (corr)"]
[EventRounds "4"]
[EventCountry "GER"]
[SourceTitle "Corr 2015"]
[Source "ChessBase"]
[SourceDate "2015.07.17"]
[SourceVersion "1"]
[SourceVersionDate "2015.07.17"]
[SourceQuality "1"]

1. e4 Nf6 2. e5 Nd5 3. d4 e6 4. Nf3 Bb4+ 5. c3 Be7 6. Bd3 0-0 7. 0-0 f5 8. exf6 Nxf6 9. Bg5 d6 10. Qc2 Nc6 11. Bxf6 Bxf6 12. Bxh7+ Kh8 13. Qd3 Qe7 14. Ne5 Nxe5 15. dxe5 Bxe5 16. Qh3 g5 17. Bg6+ Kg7 0-1

[Event "OP-2012-0-02546"]
[Site "LSS email"]
[Date "2012.12.18"]
[Round "?"]
[White "Youngs, Russell"]
[Black "Zonneveld, Will"]
[Result "0-1"]
[WhiteElo "853"]
[BlackElo "1761"]
[PlyCount "50"]
[EventDate "2012.12.14"]
[EventType "tourn (corr)"]
[EventRounds "4"]
[EventCountry "GER"]
[SourceTitle "Telechess CBM 159"]
[Source "ChessBase"]
[SourceDate "2014.03.17"]
[SourceVersion "1"]
[SourceVersionDate "2014.03.17"]
[SourceQuality "1"]

1. e4 e5 2. Bc4 Nc6 3. Nf3 Bc5 4. 0-0 Nf6 5. Nc3 0-0 6. Nd5 Nxe4 7. d3 Nf6 8. Bg5 Be7 9. Qd2 Nxd5 10. Bxd5 a5 11. Bxc6 Bxg5 12. Qxg5 Qxg5 13. Nxg5 bxc6 14. c4 d6 15. f3 f5 16. f4 h6 17. Nh3 e4 18. dxe4 fxe4 19. Rae1 d5 20. cxd5 cxd5 21. Rc1 Rb8 22. Rxc7 Rxb2 23. Rc5 e3 24. Rxd5 Bb7 25. Rxa5 Rxg2+ 0-1

[Event "LSS No Engine Cup 19 Preliminary 3"]
[Site "LSS email"]
[Date "2010.03.22"]
[Round "?"]
[White "Youngs, Russell"]
[Black "Endean, Andrew"]
[Result "0-1"]
[WhiteElo "890"]
[BlackElo "1599"]
[PlyCount "36"]
[EventDate "2010.03.23"]
[EventType "tourn (corr)"]
[EventRounds "6"]
[EventCountry "GER"]
[SourceTitle "Telechess CBM 141"]
[Source "ChessBase"]
[SourceDate "2011.03.17"]
[SourceVersion "1"]
[SourceVersionDate "2011.03.17"]
[SourceQuality "1"]

1. e4 e5 2. Nf3 Nf6 3. Nc3 Nc6 4. Bb5 Nd4 5. Nxd4 exd4 6. Ne2 Nxe4 7. 0-0 Bc5 8. d3 Nf6 9. c4 dxc3 10. bxc3 h6 11. d4 Be7 12. Qd3 c6 13. Ba4 0-0 14. Bc2 d5 15. Ng3 Bd6 16. Nh5 g6 17. Nxf6+ Qxf6 18. Bxh6 Qh4 0-1

[Event "ZL-2010-0-00660"]
[Site "LSS email"]
[Date "2010.02.06"]
[Round "?"]
[White "Laureles, Raymundo"]
[Black "Youngs, Russell"]
[Result "1-0"]
[WhiteElo "1243"]
[BlackElo "1390"]
[PlyCount "33"]
[EventDate "2010.01.28"]
[EventType "match (corr)"]
[EventRounds "2"]
[EventCountry "GER"]
[SourceTitle "Corr 2013"]
[Source "ChessBase"]
[SourceDate "2012.11.12"]
[SourceVersion "1"]
[SourceVersionDate "2012.11.12"]
[SourceQuality "1"]

1. e4 d5 2. exd5 Qxd5 3. Nc3 Qe5+ 4. Be2 Qg5 5. Bf3 Nf6 6. d4 Qa5 7. Bd2 e6 8. Nd5 Qxd2+ 9. Qxd2 Nxd5 10. 0-0-0 b6 11. c4 Nf6 12. Bxa8 Bd6 13. c5 bxc5 14. dxc5 Ne4 15. Bxe4 0-0 16. cxd6 c5 17. Nf3 1-0

[Event "ZL-2010-0-00652"]
[Site "LSS email"]
[Date "2010.01.21"]
[Round "?"]
[White "Youngs, Russell"]
[Black "Molano Lafuente, Ismael"]
[Result "0-1"]
[WhiteElo "1390"]
[BlackElo "1295"]
[PlyCount "66"]
[EventDate "2010.01.17"]
[EventType "match (corr)"]
[EventRounds "2"]
[EventCountry "GER"]
[SourceTitle "Corr 2013"]
[Source "ChessBase"]
[SourceDate "2012.11.12"]
[SourceVersion "1"]
[SourceVersionDate "2012.11.12"]
[SourceQuality "1"]

1. e4 e6 2. d4 d5 3. Nc3 Nf6 4. e5 Nfd7 5. Bd3 c5 6. Nf3 Nc6 7. 0-0 cxd4 8. Nb5 Bc5 9. Qd2 a6 10. Nd6+ Bxd6 11. exd6 e5 12. Qg5 Qxg5 13. Nxg5 h6 14. Nxf7 Kxf7 15. f4 e4 16. Be2 Rd8 17. Bh5+ g6 18. Bg4 Nf6 19. Bxc8 Raxc8 20. f5 g5 21. Bd2 Rxd6 22. Rab1 Ne5 23. c3 d3 24. h4 Nc4 25. Bc1 d2 26. b3 dxc1Q 27. Rbxc1 Ne3 28. hxg5 Nxf1 29. gxh6 Ng3 30. Kf2 Nxf5 31. g3 Ng4+ 32. Kg2 Nfe3+ 33. Kh3 Rxh6# 0-1